Hexaflexagons, probability paradoxes, and the Tower of Hanoi : (رقم التسجيلة. 33402)
[ عرض عادي ]
| 000 -الفاتح | |
|---|---|
| حقل البيانات ثابتة الطول | 02588cam a2200469 a 4500 |
| 001 - رقم الضبط | |
| رقم الضبط | 15223096 |
| 003 - محدد رقم الضبط | |
| رقم الضبط | OSt |
| 005 - وقت وتاريخ اخر تعامل مع التسجيلة | |
| رقم الضبط | 20150408114205.0 |
| 008 - عناصر البيانات ثابتة الطول - معلومات عامة | |
| حقل البيانات ثابتة الطول | 080318s2008 enka b 001 0 eng |
| 010 ## - رقم ضبط مكتبة الكونجرس | |
| رقم ضبط مكتبة الكونجرس | 2008012533 |
| 015 ## - رقم الببليوجرافية الوطنية | |
| رقم الببليوجرافية الوطنية | GBA8A3145 |
| المصدر | bnb |
| 016 7# - رقم ضبط الوكاله الوطنية للضبط الببليوجرافي | |
| رقم ضبط التسجيلة | 014702284 |
| المصدر | Uk |
| 020 ## - الرقم الدولى المعيارى للكتب | |
| الرقم الدولى المعيارى للكتاب | 9780521756150 (hardback) |
| 020 ## - الرقم الدولى المعيارى للكتب | |
| الرقم الدولى المعيارى للكتاب | 0521756154 (hardback) |
| 020 ## - الرقم الدولى المعيارى للكتب | |
| الرقم الدولى المعيارى للكتاب | 9780521735254 (pbk.) |
| 020 ## - الرقم الدولى المعيارى للكتب | |
| الرقم الدولى المعيارى للكتاب | 0521735254 (pbk.) |
| 035 ## - رقم ضبط النظام | |
| رقم ضبط النظام | (OCoLC)ocn213495403 |
| 035 ## - رقم ضبط النظام | |
| رقم ضبط النظام | (OCoLC)213495403 |
| 040 ## - مصدر الفهرسة | |
| وكالة الفهرسة الأصلية | DLC |
| وكالة النسخ | DLC |
| وكالة التعديل | BTCTA |
| -- | BAKER |
| -- | YDXCP |
| -- | OCLCG |
| -- | UKM |
| -- | C#P |
| -- | BWX |
| -- | BWK |
| -- | DLC |
| 050 00 - رقم طلب مكتبة الكونجرس | |
| رقم التصنيف | QA95 |
| رقم المادة | .G247 2008 |
| 082 00 - رقم تصنيف ديوى العشرى | |
| رقم التصنيف | 793.74 |
| رقم الطبعة | 22 |
| رقم المادة | GMH |
| 100 1# - المدخل الرئيسى - إسم شخصى | |
| الإسم الشخصى | Gardner, Martin, |
| التواريخ المصاحبة للاسم | 1914-2010. |
| 9 (RLIN) | 42567 |
| 245 10 - بيان العنوان | |
| العنوان | Hexaflexagons, probability paradoxes, and the Tower of Hanoi : |
| بقية العنوان | Martin Gardner's first book of mathematical puzzles and games / |
| بيان المسئوليه,etc | Martin Gardner. |
| 250 ## - بيان الطبعة | |
| بيان الطبعة | [2nd ed.]. |
| 260 ## - PUBLICATION, DISTRIBUTION, ETC. (IMPRINT) | |
| مكان الناشر او الموزع | Cambridge ; |
| -- | New York : |
| اسم الناشر او الموزع | Cambridge University Press, |
| تاريخ النشر أو التوزيع | 2008. |
| 300 ## - الوصف المادى | |
| التعداد | xiii, 193 p. : |
| تفاصيل ماديه اخرى للوعاء | ill. ; |
| أبعاد الوعاء | 23 cm. |
| 490 1# - بيان السلسلة | |
| عنوان السلسلة | The new Martin Gardner mathematical library ; |
| رقم المجلد/ التعيين التسلسلي | 1 |
| 500 ## - تبصرة عامة | |
| تبصرة عامة | "The Mathematical Association of America." |
| 500 ## - تبصرة عامة | |
| تبصرة عامة | "First edition published as The Scientific American book of mathematical puzzles & diversions, Simon and Schuster, 1959"--T.p. verso. |
| 504 ## - تبصرة ببليوجرافية | |
| تبصرة ببليوجرافية,الخ | Includes bibliographical references and index. |
| 505 0# - تبصرة محتويات-الفهرس | |
| تبصرة المحتويات المصاغة | Hexaflexagons -- Magic with a matrix -- Nine problems -- Ticktacktoe -- Probability paradoxes -- The icosian game and the Tower of Hanoi -- Curious topological models -- The game of hex -- Sam Loyd : America's greatest puzzlist -- Mathematical card tricks -- Memorizing numbers -- Nine more problems -- Polyominoes -- Fallacies -- Nim and tac tix -- Left or right? |
| 650 #0 - المدخل الاضافى بالموضوع-مصطلح موضوعى | |
| مصطلح موضوعي أو اسم جغرافي كعنصر مدخل | Mathematical recreations. |
| 9 (RLIN) | 14359 |
| 700 1# - المدخل الاضافى - اسم شخصى | |
| الإسم الشخصى | Gardner, Martin, |
| التواريخ المصاحبة للاسم | 1914-2010. |
| عنوان العمل | Scientific American book of mathematical puzzles & diversions. |
| 9 (RLIN) | 42568 |
| 710 2# - المدخل الاضافى - اسم هيئه | |
| اسم الهيئة أو اسم السلطة كمدخل | Mathematical Association of America. |
| 9 (RLIN) | 14464 |
| 800 1# - المدخل الاضافى بالسلسلة- اسم شخصى | |
| الإسم الشخصى | Gardner, Martin, |
| التواريخ المصاحبة للاسم | 1914-2010. |
| عنوان العمل | New Martin Gardner mathematical library ; |
| رقم المجلد / التعيين التسلسلي | 1. |
| 9 (RLIN) | 42569 |
| 856 42 - الوصول و الموقع الالكترونى | |
| مواد محددة | Contributor biographical information |
| معرف المصدر الموحد | <a href="http://www.loc.gov/catdir/enhancements/fy0834/2008012533-b.html">http://www.loc.gov/catdir/enhancements/fy0834/2008012533-b.html</a> |
| 856 42 - الوصول و الموقع الالكترونى | |
| مواد محددة | Publisher description |
| معرف المصدر الموحد | <a href="http://www.loc.gov/catdir/enhancements/fy0834/2008012533-d.html">http://www.loc.gov/catdir/enhancements/fy0834/2008012533-d.html</a> |
| 856 41 - الوصول و الموقع الالكترونى | |
| مواد محددة | Table of contents only |
| معرف المصدر الموحد | <a href="http://www.loc.gov/catdir/enhancements/fy0834/2008012533-t.html">http://www.loc.gov/catdir/enhancements/fy0834/2008012533-t.html</a> |
| 906 ## - عنصر بيانات محلى F, LDF (RLIN) | |
| a | 7 |
| b | cbc |
| c | orignew |
| d | 1 |
| e | ecip |
| f | 20 |
| g | y-gencatlg |
| 942 ## - عناصر المدخل الإضافي( كوها) | |
| مصدر التصنيف او مخطط الترفيف | Dewey Decimal Classification |
| Koha [default] item type | DVD |
| حالة الفقد | نموذج السعر الفعال | حالة تلف | ليس للاعارة | رقم الطلب | تاريخ الاكتساب | الموقع الحالي | الفرع الرئيسي | Date last seen | نوع المادة فى نظام كوها | مصدر التصنيف او خطة الترفيف | Total Checkouts |
|---|---|---|---|---|---|---|---|---|---|---|---|
| 2014-01-27 | 793.74 GMH | 2014-01-27 | المكتبة المركزية بالمجمعة (CL) | المكتبة المركزية بالمجمعة (CL) | 2014-01-27 | كتاب | Dewey Decimal Classification | ||||
| 2014-01-27 | 793.74 GMH | 2014-01-27 | المكتبة المركزية بالمجمعة (CL) | المكتبة المركزية بالمجمعة (CL) | 2014-01-27 | كتاب | Dewey Decimal Classification |
